Statistics for IndyCar 2021 Driver Standings

Click here to take the quiz!

General Stats

  • This quiz has been taken 34 times
  • The average score is 15 of 43

Answer Stats

PositionPointsDriver% Correct
1st549Álex Palou
100%
2nd511Josef Newgarden
86%
3rd487Pato O'Ward
86%
4th481Scott Dixon
79%
5th455Colton Herta
57%
6th435Marcus Ericsson
57%
7th389Graham Rahal
43%
8th383Simon Pagenaud
43%
9th357Will Power
43%
10th332Alexander Rossi
36%
42nd7Kevin Magnussen
36%
41st10Stefan Wilson
36%
38th18Callum Ilott
29%
36th20Charlie Kimball
29%
18th235Conor Daly
29%
23rd148Dalton Kellett
29%
19th233Ed Jones
29%
21st205Felix Rosenqvist
29%
22nd158Hélio Castroneves
29%
13th308Jack Harvey
29%
20th220James Hinchcliffe
29%
25th134Max Chilton
29%
43rd5RC Enerson
29%
12th308Rinus VeeKay
29%
15th272Romain Grosjean
29%
39th10Ryan Norman
29%
24th146Santino Ferrucci
29%
14th305Scott McLaughlin
29%
16th258Sébastien Bourdais
29%
40th10Simona de Silvestro
29%
11th324Takuma Sato
29%
37th19Christian Lundgaard
21%
34th26Cody Ware
21%
27th107Ed Carpenter
21%
26th108Jimmie Johnson
21%
33rd30JR Hildebrand
21%
31st53Juan Pablo Montoya
21%
35th22Marco Andretti
21%
29th61Oliver Askew
21%
32nd34Pietro Fittipaldi
21%
17th256Ryan Hunter-Reay
21%
30th53Sage Karam
21%
28th96Tony Kanaan
21%

Score Distribution

Percentile by Number Answered

Percent of People with Each Score

Your Score History

You have not taken this quiz